[Event "VII Sunway Sitges Open 2020"]
[Site "Sitges"]
[Date "2020.12.16"]
[Round "4.2"]
[White "Checa, Nicolas"]
[Black "Moussard, Jules"]
[Result "1/2-1/2"]
[WhiteElo "2527"]
[BlackElo "2626"]
[Annotator "TA"]
[PlyCount "144"]
[EventDate "2020.12.13"]
[EventType "swiss"]
[EventCountry "ESP"]
[SourceTitle "playchess.com"]
[Source "ChessBase"]
[SourceQuality "1"]

{[%evp 20,144,24,24,29,25,26,31,29,25,23,24,31,33,27,26,33,24,22,27,25,24,27,31,32,37,35,53,44,48,84,89,119,117,161,154,218,214,193,91,91,79,85,88,101,98,91,87,95,95,103,16,103,93,72,31,52,45,87,103,97,0,0,0,0,0,0,4,136,136,131,136,136,75,136,129,273,131,275,268,557,531,518,489,340,283,283,283,269,270,259,262,257,257,246,253,244,0,0,0,672,665,659,369,293,0,665,665,645,614,549,695,656,202,198,0,152,0,0,0,0,0,0,0,0,0,0]} 1. d4 d6 2. Nf3 g6 3. c4 f5 4. Nc3 Nf6 5. g3 Bg7 6. Bg2 O-O 7. O-O c6 8. d5 e5 9. dxe6 Bxe6 10. b3 Na6 11. Ng5 Bc8 {A88: Dutch Defence: Leningrad System: 5 Nf3 0-0 6 0-0 d6 7 Nc3 c6.} 12. Bb2 Qe7 13. Qd2 h6 {White is slightly better.} 14. Nf3 Be6 15. Rad1 Rad8 16. Nd4 Bd7 {[#]} 17. a3 $146 ({Predecessor:} 17. Qc2 Nc5 18. e3 Rfe8 19. Nce2 Ng4 20. h3 Nf6 21. Nf4 Qf7 22. Nde2 Bc8 23. Bd4 {½-½ (57) Kunzelmann,F (2495)-Pirs,M (2565) ICCF email 2012}) 17... Nc5 18. b4 Nce4 19. Nxe4 Nxe4 20. Qc2 Qf7 21. e3 a6 22. Rc1 ({Don't play} 22. Bxe4 fxe4 23. f4 exf3 $17) 22... c5 23. Ne2 Bxb2 24. Qxb2 cxb4 25. axb4 Rc8 26. Rfd1 Be6 27. Nf4 g5 (27... Rc6 $16) 28. Nxe6 $18 Qxe6 29. Rd5 (29. Rd4 $18) 29... Rxc4 $16 {[%mdl 64] Remove Defender} 30. Rxc4 Qxd5 31. Qc2 $1 Qe5 32. Bxe4 fxe4 33. Rxe4 {[%mdl 4096] Endgame KQR-KQR} Qf5 34. g4 Qf3 {[#]} 35. Rc4 (35. h3 $1 $16 {[%mdl 512]}) 35... Rf6 (35... Kh8 $11 {keeps the balance.}) 36. Rc8+ Kg7 37. Rc7+ (37. h3 $5) 37... Rf7 38. Qc3+ $40 {[%mdl 128] White attacks.} Qf6 39. Rxf7+ Kxf7 {KQ-KQ} 40. Qd3 ({Better is} 40. Qxf6+ $16 Kxf6 41. f4) 40... Qf3 $1 $11 41. h3 Qxh3 42. Qd5+ Ke7 43. Qxb7+ Kd8 (43... Ke6 $11 {remains equal.}) 44. Qg2 $1 $16 {[%cal Rg2h3]} Qh4 45. Qf3 Ke7 46. Kg2 (46. Qe4+ $142 $1 Kd7 47. Qf5+ Kc7 48. Kg2) 46... Ke6 (46... d5 $142) 47. Qe4+ Kd7 (47... Kf7 $16 48. Qd5+ Kg7) 48. Qb7+ (48. Qh7+ $1 $18 {and the rest is easy.} Kc6 49. Qf5) 48... Ke6 (48... Kd8 $16) 49. Qf3 $18 d5 $2 (49... Kd7 {is a better defense.} 50. Qf5+ Kc6 51. Qc8+ Kd5 52. Qa8+ Ke6) 50. Qf5+ Kd6 51. Qf6+ Kd7 52. Qd4 Ke6 53. Qb6+ Ke5 54. Qc7+ $1 Ke6 55. Qc8+ Ke7 56. Qb7+ Ke8 57. Qa8+ ({Not} 57. Qxa6 Qxg4+ 58. Kh2 Qf5 $11) 57... Ke7 {[#]} 58. Qc8 $2 (58. Qa7+ $1 $18 Kd8 59. Qd4 (59. Qxa6 Qxg4+ {[%mdl 64] Double Attack} 60. Kh2 Qh5+ 61. Kg2 Qg4+ 62. Kh2 Qh5+ 63. Kg2 Qg4+ $11)) 58... h5 $1 $11 59. Qb7+ Ke6 $2 {[%mdl 8192]} (59... Ke8 $11) 60. Qxa6+ $18 Ke5 61. Qa1+ {Cut Off at move 61} Ke6 62. Qa6+ $2 (62. Qd4) 62... Ke5 63. Qc8 hxg4 64. b5 Qh3+ 65. Kg1 Qh7 {intending ...Qb1+.} 66. Qc3+ $2 (66. Qxg4 Kf6 67. Qd4+ Ke6 68. Qb6+ Ke5 69. Qb8+ Ke6 70. Qc8+ Ke5 71. Qe8+ Kf6 72. Qc6+ Ke5 73. Qc3+ Kd6 74. Qc6+ Ke5 75. Qe8+ Kf5 76. Qc8+ Ke5 77. Qe8+) 66... Ke6 {[#]} 67. Qc8+ $2 (67. Qb3 $1 $18 {Threatens to win with b6.} g3 68. fxg3) 67... Kd6 $2 (67... Ke5 $1 $11) 68. Qb8+ $2 (68. Qxg4 $16 Qb1+ 69. Kg2) 68... Kc5 $1 $11 {The position is equal.} 69. b6 Qb1+ 70. Kg2 Qe4+ 71. Kh2 {Black must now prevent Qc7+.} Qh7+ 72. Kg1 {Strongly threatening Qc7+.} Qb1+ {Black defended with fortune.  Weighted Error Value: White=0.17/Black=0.37} 1/2-1/2

[Event "VII Sunway Sitges Open 2020"]
[Site "Sitges"]
[Date "2020.12.16"]
[Round "4.3"]
[White "Bellahcene, Bilel"]
[Black "Santos Ruiz, Miguel"]
[Result "1/2-1/2"]
[WhiteElo "2510"]
[BlackElo "2581"]
[Annotator "TA"]
[PlyCount "65"]
[EventDate "2020.12.13"]
[EventType "swiss"]
[EventCountry "ESP"]
[SourceTitle "playchess.com"]
[Source "ChessBase"]
[SourceQuality "1"]

{[%evp 18,62,17,17,15,0,0,0,17,13,14,8,14,12,23,0,4,0,0,0,0,0,0,0,0,0,0,0,0,0,0,0,8,0,0,0,0,0,0,0,0,0,0,0,0,0,0]} 1. e4 e5 2. Nf3 Nc6 3. Bb5 Nf6 4. O-O Nxe4 5. Re1 Nd6 6. Nxe5 Be7 7. Bf1 Nxe5 8. Rxe5 O-O 9. d4 Bf6 10. Re1 Re8 $1 {10...Re8 scores better than 10...Nf5. C67: Ruy Lopez: Berlin Defence: 4 0-0 Nxe4.} 11. Rxe8+ Nxe8 12. c3 d5 13. Bf4 c6 14. Nd2 g6 15. h3 Nd6 16. Bd3 Bf5 {The position is equal.} 17. Qc2 Bxd3 18. Qxd3 Qd7 19. Re1 Re8 20. Rxe8+ Nxe8 21. Kf1 Qe7 22. Qe2 Kf8 23. Nf3 (23. Nb3 {keeps more tension.} Qxe2+ 24. Kxe2 b6 25. Nc1 Be7 26. Nd3) 23... Qxe2+ 24. Kxe2 $11 {[%mdl 4096] Endgame KBN-KBN} Ke7 25. Be5 Bxe5 26. Nxe5 {KN-KN} Nd6 27. Nd3 f6 28. Ke3 Nc4+ 29. Ke2 Nd6 30. Ke3 Nc4+ 31. Ke2 Nd6 {[#] An uneventful encounter. Accuracy: White = 100%, Black = 100%.} {Predecessor:} 32. Kf3 $146 Kf7 33. Ke2 {½-½ (33) Smirin,I (2638)-Grischuk,A (2752) Eilat 2012} 1/2-1/2

[Event "VII Sunway Sitges Open 2020"]
[Site "Sitges"]
[Date "2020.12.16"]
[Round "4.4"]
[White "Asis Gargatagli, Hipolito"]
[Black "Korobov, Anton"]
[Result "1-0"]
[WhiteElo "2470"]
[BlackElo "2683"]
[Annotator "TA"]
[PlyCount "75"]
[EventDate "2020.12.13"]
[EventType "swiss"]
[EventCountry "ESP"]
[SourceTitle "playchess.com"]
[Source "ChessBase"]
[SourceQuality "1"]

{[%evp 10,75,40,29,61,62,71,70,69,56,82,85,87,83,81,58,72,34,47,28,48,35,80,79,126,121,127,116,133,133,129,122,131,133,126,128,133,133,133,116,114,111,126,126,153,154,141,134,234,239,280,217,209,0,252,227,475,477,444,463,451,416,428,369,1025,975,29998,29999]} 1. e4 c5 2. Nf3 d6 3. d4 cxd4 4. Nxd4 Nf6 5. Nc3 Nbd7 6. Bg5 h6 {B56: Classical Sicilian: Unusual Lines.} 7. Bxf6 Nxf6 8. Bb5+ Bd7 {[#] White is slightly better.} 9. Qe2 $146 ({Predecessor:} 9. Bxd7+ Qxd7 10. Qe2 e6 11. O-O-O a6 12. e5 dxe5 13. Nf3 Qc7 14. Qxe5 Qxe5 15. Nxe5 Bb4 16. Ne2 Ke7 17. a3 Bc5 18. Nd3 {½-½ (18) Fichtl,J-Gheorghiu,F Bucharest 1967}) 9... Bxb5 10. Qxb5+ (10. Ndxb5 $6 a6 $11) 10... Qd7 11. O-O-O $36 {[%mdl 2048] Black is under strong pressure.} e6 12. Rhe1 a6 13. Qb3 (13. Qb6 $5 {[%cal Re4e5]} Rc8 14. Kb1 $11) 13... Be7 14. f4 {e5 is the strong threat.} O-O 15. f5 {[%cal Rf5e6]} exf5 16. Nxf5 (16. exf5 $6 Rae8 $11) 16... Rae8 17. Kb1 g6 18. Nxh6+ Kg7 {[#]} 19. Nxf7 $1 ({Resist} 19. e5 Kxh6 20. exf6 Bxf6 $14) 19... Rxf7 20. e5 {Strongly threatening e6.} Qc6 {White must now prevent ...dxe5.} 21. exf6+ Bxf6 22. Rxe8 Qxe8 23. Rxd6 Qe5 24. Rd2 Qxh2 25. a3 Qg3 {[#]} 26. Ka2 $1 Bxc3 {[#]} 27. Rd3 $1 {[%mdl 576] Double Attack} Qe5 {Threatens to win with ...Bd4.} 28. Rxc3 $16 {[%mdl 4096] Endgame KQR-KQR} g5 (28... b5 $16 {was worth a try.} 29. Re3 Qc5) 29. Re3 $18 Qd4 30. Rg3 Qc5 31. Rc3 Qe5 $1 32. Rd3 b5 $2 (32... Re7 33. Rd5 Qe3) 33. Rd5 Qf4 34. Qc3+ Kg6 {Now ...Qc4+ and Black clings on.} 35. Qd3+ Kh5 36. Rd4 Qf2 $2 (36... Qf1 37. Qe4 Qf6 38. g4+ Kh6) 37. Rd6 {White threatens Qh3+ and mate.} Rc7 38. Qh3+ {Weighted Error Value: White=0.17/Black=0.45} 1-0

[Event "VII Sunway Sitges Open 2020"]
[Site "Sitges"]
[Date "2020.12.16"]
[Round "4.5"]
[White "Batsiashvili, Nino"]
[Black "Grigoryan, Karen H."]
[Result "1-0"]
[WhiteElo "2460"]
[BlackElo "2659"]
[Annotator "ChessBase"]
[PlyCount "115"]
[EventDate "2020.12.13"]
[EventType "swiss"]
[EventCountry "ESP"]
[SourceTitle "playchess.com"]
[Source "ChessBase"]
[SourceQuality "1"]
[TimeControl "40/5400+30:1800+30"]

1. d4 {[%emt 0:00:00]} Nf6 {[%emt 0:00:00]} 2. c4 {[%emt 0:00:00]} g6 {[%emt 0:00:00]} 3. Nc3 {[%emt 0:00:00]} Bg7 {[%emt 0:00:04]} 4. e4 {[%emt 0:00:00]} O-O {[%emt 0:00:06]} 5. h3 {[%emt 0:01:27]} c6 {[%emt 0:01:32]} 6. e5 {[%emt 0:04:31]} Ne8 {[%emt 0:01:16]} 7. Nf3 {[%emt 0:00:29]} d6 {[%emt 0:01:49]} 8. Bf4 {[%emt 0:02:51]} Nd7 {[%emt 0:08:17]} 9. Be2 {[%emt 0:03:19]} dxe5 {[%emt 0:08:23]} 10. dxe5 {[%emt 0:04:55]} Nc7 {[%emt 0:01:53]} 11. Qd2 {[%emt 0:04:13]} Ne6 {[%emt 0:01:31]} 12. Bg3 {[%emt 0:02:46]} Qa5 {[%emt 0:10:42]} 13. Qe3 {[%emt 0:01:37]} Qc5 {[%emt 0:12:54]} 14. Qd2 {[%emt 0:07:25]} b5 {[%emt 0:05:41]} 15. cxb5 {[%emt 0:03:23]} cxb5 {[%emt 0:00:59]} 16. Rc1 {[%emt 0:03:18]} Qb6 {[%emt 0:04:34]} 17. Nd5 {[%emt 0:05:30]} Qd8 {[%emt 0:00:14]} 18. Bxb5 {[%emt 0:00:16]} Nb6 {[%emt 0:01:32]} 19. Bc6 {[%emt 0:11:05]} Rb8 {[%emt 0:07:02]} 20. O-O {[%emt 0:03:11]} Nxd5 {[%emt 0:01:29]} 21. Bxd5 {[%emt 0:02:34]} Rb5 {[%emt 0:01:14]} 22. Rfd1 {[%emt 0:02:40]} Qb6 {[%emt 0:03:50]} 23. Rc6 {[%emt 0:03:45]} Qb8 {[%emt 0:01:39]} 24. Rc2 {[%emt 0:04:27]} Rd8 {[%emt 0:08:15]} 25. Bxe6 {[%emt 0:01:05]} Rxd2 {[%emt 0:01:10]} 26. Rcxd2 {[%emt 0:00:09]} Bxe6 {[%emt 0:08:18]} 27. Rd8+ {[%emt 0:00:05]} Bf8 {[%emt 0:00:06]} 28. Rxb8 {[%emt 0:07:37]} Rxb8 {[%emt 0:00:11]} 29. b3 {[%emt 0:00:03]} h6 {[%emt 0:03:00]} 30. Bf4 {[%emt 0:00:37]} a5 {[%emt 0:01:57]} 31. Rd4 {[%emt 0:00:20]} Ra8 {[%emt 0:00:59]} 32. Bd2 {[%emt 0:01:19]} a4 {[%emt 0:00:27]} 33. Rxa4 {[%emt 0:00:08]} Rxa4 {[%emt 0:00:04]} 34. bxa4 {[%emt 0:00:04]} Bxa2 {[%emt 0:00:08]} 35. Bb4 {[%emt 0:00:39]} e6 {[%emt 0:02:29]} 36. Bxf8 {[%emt 0:06:38]} Kxf8 {[%emt 0:00:06]} 37. Nd4 {[%emt 0:00:25]} Ke7 {[%emt 0:01:03]} 38. f4 {[%emt 0:02:09]} Kd7 {[%emt 0:02:45]} 39. Kf2 {[%emt 0:00:06]} Bc4 {[%emt 0:00:56]} 40. g4 {[%emt 0:00:00]} Kc7 {[%emt 0:00:00]} 41. a5 {[%emt 0:06:59]} Kb7 {[%emt 0:01:58]} 42. Ke3 {[%emt 0:00:05]} Bf1 {[%emt 0:14:44]} 43. h4 {[%emt 0:00:13]} Bh3 {[%emt 0:00:27]} 44. Nb5 {[%emt 0:07:19]} Ka6 {[%emt 0:07:28]} 45. Nd6 {[%emt 0:00:07]} Kxa5 {[%emt 0:01:06]} 46. Nxf7 {[%emt 0:03:40]} Bxg4 {[%emt 0:00:41]} 47. Nxh6 {[%emt 0:00:05]} Bh3 {[%emt 0:05:06]} 48. Kf2 {[%emt 0:00:32]} Kb6 {[%emt 0:00:44]} 49. Kg3 {[%emt 0:00:04]} Bf1 {[%emt 0:00:20]} 50. Kg4 {[%emt 0:00:01]} Bd3 {[%emt 0:00:47]} 51. Kg5 {[%emt 0:00:05]} Kc7 {[%emt 0:00:10]} 52. Kf6 {[%emt 0:00:38]} Kd7 {[%emt 0:00:08]} 53. Nf7 {[%emt 0:00:13]} Bf5 {[%emt 0:00:34]} 54. Nh8 {[%emt 0:00:05]} Ke8 {[%emt 0:00:21]} 55. Nxg6 {[%emt 0:00:08]} Bg4 {[%emt 0:00:04]} 56. Ne7 {[%emt 0:00:42]} Kf8 {[%emt 0:00:14]} 57. Nc6 {[%emt 0:00:10]} Ke8 {[%emt 0:00:26]} 58. Nd4 {[%emt 0:00:29]} 1-0

[Event "VII Sunway Sitges Open 2020"]
[Site "Sitges"]
[Date "2020.12.16"]
[Round "4.6"]
[White "Santos Latasa, Jaime"]
[Black "Gines Esteo, Pedro Antonio"]
[Result "1-0"]
[WhiteElo "2600"]
[BlackElo "2437"]
[Annotator "ChessBase"]
[PlyCount "81"]
[EventDate "2020.12.13"]
[EventType "swiss"]
[EventCountry "ESP"]
[SourceTitle "playchess.com"]
[Source "ChessBase"]
[SourceQuality "1"]
[TimeControl "40/5400+30:1800+30"]

1. Nf3 {[%emt 0:00:00]} Nf6 {[%emt 0:03:51]} 2. c4 {[%emt 0:00:32]} b6 {[%emt 0:07:07]} 3. d4 {[%emt 0:00:59]} e6 {[%emt 0:00:30]} 4. g3 {[%emt 0:00:29]} Bb4+ {[%emt 0:05:22]} 5. Bd2 {[%emt 0:00:16]} a5 {[%emt 0:05:14]} 6. Bg2 {[%emt 0:01:02]} Bb7 {[%emt 0:00:08]} 7. O-O {[%emt 0:00:07]} Bxd2 {[%emt 0:05:38]} 8. Qxd2 {[%emt 0:01:09]} O-O {[%emt 0:00:06]} 9. Qf4 {[%emt 0:09:43]} d6 {[%emt 0:02:32]} 10. Nc3 {[%emt 0:01:38]} Nbd7 {[%emt 0:07:13]} 11. e4 {[%emt 0:02:09]} c5 {[%emt 0:11:06]} 12. d5 {[%emt 0:09:40]} e5 {[%emt 0:05:02]} 13. Qd2 {[%emt 0:01:43]} Ba6 {[%emt 0:01:08]} 14. b3 {[%emt 0:03:17]} Ne8 {[%emt 0:00:54]} 15. Ne1 {[%emt 0:00:16]} Nc7 {[%emt 0:05:48]} 16. a4 {[%emt 0:02:34]} Bc8 {[%emt 0:00:06]} 17. f4 {[%emt 0:00:50]} Na6 {[%emt 0:05:45]} 18. Nf3 {[%emt 0:00:34]} Nb4 {[%emt 0:01:36]} 19. Rae1 {[%emt 0:00:50]} f6 {[%emt 0:02:51]} 20. h4 {[%emt 0:06:09]} Rf7 {[%emt 0:00:16]} 21. Kh2 {[%emt 0:01:08]} Nf8 {[%emt 0:00:19]} 22. f5 {[%emt 0:00:13]} g6 {[%emt 0:00:45]} 23. Bh3 {[%emt 0:01:08]} Rg7 {[%emt 0:00:34]} 24. Nd1 {[%emt 0:07:49]} gxf5 {[%emt 0:07:24]} 25. exf5 {[%emt 0:01:35]} b5 {[%emt 0:00:06]} 26. axb5 {[%emt 0:03:53]} a4 {[%emt 0:00:08]} 27. bxa4 {[%emt 0:00:04]} Rxa4 {[%emt 0:00:04]} 28. Nc3 {[%emt 0:00:07]} Ra3 {[%emt 0:00:03]} 29. Ra1 {[%emt 0:00:19]} Rga7 {[%emt 0:01:40]} 30. Rxa3 {[%emt 0:03:42]} Rxa3 {[%emt 0:00:02]} 31. Rf2 {[%emt 0:00:13]} Nd7 {[%emt 0:03:32]} 32. Ne4 {[%emt 0:00:49]} Qf8 {[%emt 0:00:03]} 33. Bf1 {[%emt 0:02:58]} Kf7 {[%emt 0:05:00]} 34. g4 {[%emt 0:02:08]} Ke7 {[%emt 0:00:23]} 35. Qc1 {[%emt 0:03:16]} Rb3 {[%emt 0:01:26]} 36. g5 {[%emt 0:01:39]} fxg5 {[%emt 0:00:03]} 37. Qxg5+ {[%emt 0:00:27]} Nf6 {[%emt 0:00:16]} 38. Nfd2 {[%emt 0:00:30]} Re3 {[%emt 0:02:55]} 39. Nxf6 {[%emt 0:00:20]} Qxf6 {[%emt 0:00:06]} 40. Qxe3 {[%emt 0:00:00]} Qxh4+ {[%emt 0:00:00]} 41. Bh3 {[%emt 0:00:40]} 1-0

[Event "VII Sunway Sitges Open 2020"]
[Site "Sitges"]
[Date "2020.12.16"]
[Round "4.7"]
[White "Dragnev, Valentin"]
[Black "Vasquez Schroeder, Rodrigo"]
[Result "0-1"]
[WhiteElo "2564"]
[BlackElo "2441"]
[Annotator "TA"]
[PlyCount "88"]
[EventDate "2020.12.13"]
[EventType "swiss"]
[EventCountry "ESP"]
[SourceTitle "playchess.com"]
[Source "ChessBase"]
[SourceQuality "1"]

{[%evp 15,88,12,16,22,14,12,25,20,27,21,36,25,59,72,54,54,81,65,102,93,98,63,58,42,89,55,64,58,58,58,66,73,74,45,56,0,4,-23,0,-104,-36,-48,-31,-88,-35,-36,-28,-70,-50,-57,-57,-61,-59,-58,-51,-56,-8,-15,-10,-21,-15,-33,-9,-415,-408,-710,-377,-5822,-5505,-6494,-6942,-3180,-1610,-1466,-1435]} 1. e4 c5 2. Nf3 d6 3. d4 cxd4 4. Nxd4 Nf6 5. Nc3 a6 6. Be3 e5 7. Nb3 Be6 8. f3 h5 9. Nd5 {B90: Sicilian Najdorf: Unusual White 6th moves, 6 Be3 Ng4 and 6 Be3 e5.} Bxd5 10. exd5 Nbd7 11. Qd2 {White has an edge.} g6 12. O-O-O {is recently more successful than 12.Be2.} Bg7 13. Kb1 O-O 14. h3 Qc7 15. g4 Rfc8 {[#]} 16. Rh2 $146 ({Predecessor:} 16. c4 a5 17. Rc1 a4 18. Na1 a3 19. b3 Nc5 20. Rg1 hxg4 21. hxg4 e4 22. f4 {1-0 (35) Mihajlov,S (2387)-Dominguez Perez,L (2763) chess24.com INT 2020}) 16... a5 {[#]} 17. a4 $1 Nb6 18. Bxb6 Qxb6 19. Bb5 Qd8 20. Rf1 h4 21. Rhf2 Nh7 22. f4 exf4 $1 23. Qxf4 Rc7 24. Nd2 Ng5 25. Qe3 (25. Re2 $1 $14 Be5 26. Qe3) 25... Re7 $36 {[%mdl 2048] Black has some pressure.} 26. Qb3 ({Don't play} 26. Qxg5 Re1+ 27. Rxe1 Qxg5 $17) 26... Qb6 27. Ka2 (27. Nc4 $11 Qc5 28. Qd3) 27... Rc8 (27... Re3 $17 28. c3 Qd8) 28. Nc4 $15 Qc5 29. Nxa5 ({White should play} 29. Qd3 $1 $15) 29... Ra8 ({Better is} 29... Re4 $17 30. Rf4 (30. Nxb7 Qb6 $17) 30... Rxf4 31. Rxf4 Qxc2) 30. Nc4 Re4 ({Reject} 30... Qxd5 $6 31. Rd2 $16) 31. Kb1 Rc8 {[%cal Re4c4]} 32. Rf4 $1 Rxf4 33. Rxf4 Qxd5 34. Rf1 Qd4 {White must now prevent ...Ne4.} 35. Ka2 $1 {[#]} Nxh3 $1 {[%mdl 512]} 36. Rxf7 {[%mdl 64] Decoy} (36. Qxh3 Rxc4) 36... Kxf7 37. Nxd6+ $1 Kf6 38. Nxc8 Nf4 {Strongly threatening ...h3.} 39. Qa3 $2 {[%mdl 8192] Now White is beyond hope.} (39. c3 $1 $11 {and White is okay.} Qc5 40. Bd7) 39... Kg5 $19 {Threatens to win with ...h3.} 40. Ne7 (40. Bf1 $142 Be5 41. Qb3) 40... Bf8 41. Nc6 $2 (41. Qf3) 41... bxc6 {[%cal Bb7c6,Bc6b5][%mdl 32] Black is clearly winning.} 42. Qxf8 cxb5 43. a5 Qa4+ 44. Kb1 Qxa5 {Weighted Error Value: White=0.68/Black=0.32} 0-1

[Event "VII Sunway Sitges Open 2020"]
[Site "Sitges"]
[Date "2020.12.16"]
[Round "4.8"]
[White "Stefanova, Antoaneta"]
[Black "Cornette, Matthieu"]
[Result "1/2-1/2"]
[WhiteElo "2466"]
[BlackElo "2558"]
[Annotator "TA"]
[PlyCount "42"]
[EventDate "2020.12.13"]
[EventType "swiss"]
[EventCountry "ESP"]
[SourceTitle "playchess.com"]
[Source "ChessBase"]
[SourceQuality "1"]

{[%evp 11,42,11,24,24,22,14,33,15,13,14,14,10,10,15,16,10,11,11,14,5,16,7,10,12,18,6,17,-3,18,0,21,0,18]} 1. d4 d5 2. Nf3 Nf6 3. e3 e6 4. Bd3 c5 5. b3 {[%cal Bb2b3,Bb3b4][%mdl 32]} Nc6 6. O-O Bd6 7. dxc5 {D05: Colle System with ...e6.} Bxc5 8. Bb2 O-O 9. a3 {White is slightly better.} Re8 {The position is equal.} 10. b4 Bf8 {[#]} 11. c4 $146 ({Predecessor:} 11. Nbd2 a6 12. c4 dxc4 13. Nxc4 b5 14. Bxf6 Qxf6 15. Be4 Bb7 16. Nb6 Rad8 17. Qc2 {½-½ (44) Parals Marce,L (2014)-Jurado Coderch,H (1692) Figueres 2020}) 11... dxc4 12. Bxc4 Qxd1 13. Rxd1 b6 14. Nbd2 Bb7 15. Nb3 Rad8 16. Bb5 (16. Nfd2 {seems wilder.} Rc8 17. Be2 Ne7 18. Rac1 Nf5 19. Bd3) 16... Rxd1+ 17. Rxd1 Rd8 18. Rc1 Rc8 19. Rd1 Rd8 20. Rc1 Rc8 21. Rd1 Rd8 {An uneventful encounter.  Weighted Error Value: White=0.08/Black=0.05} 1/2-1/2

[Event "VII Sunway Sitges Open 2020"]
[Site "Sitges"]
[Date "2020.12.16"]
[Round "4.9"]
[White "Fier, Alexandr"]
[Black "Bulmaga, Irina"]
[Result "1-0"]
[WhiteElo "2558"]
[BlackElo "2424"]
[Annotator "ChessBase"]
[PlyCount "107"]
[EventDate "2020.12.13"]
[EventType "swiss"]
[EventCountry "ESP"]
[SourceTitle "playchess.com"]
[Source "ChessBase"]
[SourceQuality "1"]
[TimeControl "40/5400+30:1800+30"]

1. e4 {[%emt 0:00:00]} c5 {[%emt 0:00:00]} 2. Nf3 {[%emt 0:00:00]} d6 {[%emt 0:00:00]} 3. d4 {[%emt 0:00:00]} cxd4 {[%emt 0:00:00]} 4. Nxd4 {[%emt 0:00:00]} Nf6 {[%emt 0:00:01]} 5. Nc3 {[%emt 0:00:00]} a6 {[%emt 0:00:07]} 6. f3 {[%emt 0:00:00]} e5 {[%emt 0:00:14]} 7. Nb3 {[%emt 0:00:00]} Be6 {[%emt 0:00:17]} 8. Be3 Be7 {[%emt 0:00:13]} 9. Qd2 {[%emt 0:00:00]} O-O {[%emt 0:00:12]} 10. O-O-O Nbd7 {[%emt 0:00:28]} 11. g4 {[%emt 0:00:04]} b5 {[%emt 0:00:12]} 12. g5 Nh5 {[%emt 0:00:08]} 13. Kb1 {[%emt 0:00:06]} Nb6 {[%emt 0:00:44]} 14. Na5 {[%emt 0:00:04]} Rc8 15. a3 g6 {[%emt 0:01:56]} 16. h4 {[%emt 0:00:07]} Qc7 {[%emt 0:00:31]} 17. Nd5 Nxd5 {[%emt 0:00:44]} 18. exd5 {[%emt 0:01:33]} Bxd5 {[%emt 0:00:44]} 19. Qxd5 {[%emt 0:00:05]} Qxa5 {[%emt 0:02:22]} 20. Bd3 {[%emt 0:00:43]} Qc7 {[%emt 0:09:28]} 21. Rhg1 Rb8 22. Be4 {[%emt 0:13:57]} a5 {[%emt 0:11:49]} 23. Qd3 {[%emt 0:00:35]} Rfc8 {[%emt 0:18:10]} 24. Bd5 {[%emt 0:00:30]} Qd7 {[%emt 0:13:17]} 25. Rdf1 {[%emt 0:04:32]} b4 {[%emt 0:08:56]} 26. a4 {[%emt 0:02:47]} Qxa4 {[%emt 0:04:53]} 27. f4 Qb5 {[%emt 0:17:52]} 28. fxe5 {[%emt 0:00:41]} Qxd3 29. cxd3 {[%emt 0:07:07]} Rf8 {[%emt 0:02:30]} 30. e6 {[%emt 0:00:09]} f5 {[%emt 0:00:33]} 31. gxf6 {[%emt 0:00:16]} Nxf6 {[%emt 0:00:47]} 32. Bb3 {[%emt 0:00:02]} Ra8 {[%emt 0:03:20]} 33. Bh6 {[%emt 0:01:04]} Rfc8 {[%emt 0:01:36]} 34. Ba4 {[%emt 0:04:23]} Rc5 {[%emt 0:00:41]} 35. d4 {[%emt 0:03:33]} Rc7 {[%emt 0:01:28]} 36. h5 {[%emt 0:01:26]} Bf8 {[%emt 0:02:56]} 37. Bxf8 {[%emt 0:00:55]} Rxf8 {[%emt 0:00:01]} 38. hxg6 h5 {[%emt 0:01:16]} 39. g7 {[%emt 0:01:57]} Rxg7 {[%emt 0:00:04]} 40. e7 {[%emt 0:00:00]} Rc8 {[%emt 0:00:00]} 41. Rh1 Rg6 {[%emt 0:08:32]} 42. Rxf6 {[%emt 0:03:17]} Rxf6 {[%emt 0:00:03]} 43. e8=Q+ {[%emt 0:00:05]} Rxe8 {[%emt 0:00:08]} 44. Bxe8 {[%emt 0:00:02]} Rf4 {[%emt 0:01:28]} 45. Bxh5 {[%emt 0:07:17]} Rxd4 {[%emt 0:00:10]} 46. Bd1 {[%emt 0:00:02]} Kf8 {[%emt 0:11:03]} 47. Bb3 {[%emt 0:00:09]} Ke7 {[%emt 0:00:00]} 48. Rh7+ {[%emt 0:00:07]} Kf6 {[%emt 0:03:54]} 49. Ra7 {[%emt 0:00:04]} Ke5 {[%emt 0:00:42]} 50. Rxa5+ {[%emt 0:00:04]} Ke4 {[%emt 0:02:53]} 51. Kc2 {[%emt 0:00:10]} Kf4 {[%emt 0:02:20]} 52. Rd5 Ke3 {[%emt 0:00:51]} 53. Rxd4 {[%emt 0:00:12]} Kxd4 {[%emt 0:00:04]} 54. Bf7 {[%emt 0:00:04]} 1-0